Communication in international business and diplomacy

Uložené v:
Podrobná bibliografia
Hlavný autor: Bocková, Viera
Korporativný autor: Ekonomická univerzita v Bratislave. Ústav jazykov
Médium: Kniha
Jazyk:English
Vydavateľské údaje: Bratislava Vydavateľstvo Ekonóm 2000
Predmet:
Tagy: Pridať tag
Žiadne tagy, Buďte prvý, kto otaguje tento záznam!

MARC

LEADER 00000nam a2200000 4500
001 c123045
005 20240111125250.1
020 |a 80-225-1318-0 
041 0 |a eng 
044 |a SK 
245 1 0 |a Communication in international business and diplomacy  |c Viera Bocková 
264 1 |a Bratislava  |b Vydavateľstvo Ekonóm  |c 2000 
300 |a 112 s. 
610 2 0 |a komunikácia 
610 2 0 |a obchod medzinárodný 
610 2 0 |a diplomacia 
610 2 0 |a kultúra 
610 2 0 |a správanie 
610 2 0 |a rozhovor 
100 1 |a Bocková, Viera 
710 2 |a Ekonomická univerzita v Bratislave. Ústav jazykov